Текст томруулах:    
Essentials of knowledge management (Бичлэгийн дугаар. 145583)
000 -УДИРДЛАГА
Удирдлага 00778nam a22002777a 4500
003 - ХЯНАЛТЫН ТОО ТОДОРХОЙЛОГЧ
Код MN-UlNUM
005 - БИЧИЛТ ХИЙСЭН ОГНОО
Тухайн бичилтийг бичсэн засварласан сүүлийн огноо 20251113154740.0
008 - ЕРӨНХИЙ МЭДЭЭЛЭЛ
Ерөнхий мэдээлэл 251113s2003 njuab||| |||| 001 0 eng |
020 ## - ISBN
ISBN 0471281131
040 ## - БИЧЛЭГ ҮҮСГЭГЧ БАЙГУУЛЛАГА
Бичлэг үүсгэгч номын сангийн код МУИС-ийн номын сан
084 ## - ББК АНГИЛАЛ
Нэмэлт тусгалт Бусад
ББК ангилал 65.290-2
Зохиогчийн гурван тэмдэгт B 45
Мэдлэгийн ялгаа 65 - Эдийн засаг
100 1# - ЗОХИОГЧ
Зохиогчийн нэр Bergeron, Bryan P.
245 10 - ҮНДСЭН ГАРЧИГ
Номын нэр Essentials of knowledge management
Оролцогчдын тухай мэдээ Bryan Bergeron.
260 ## - ГАРАЛТЫН МЭДЭЭ
Хэвлэгдсэн газар Hoboken, N.J. :
Хэвлэлийн газар J. Wiley,
Хэвлэгдсэн он 2003.
300 ## - МАТЕРИАЛЫН ТОДОРХОЙЛОЛТ
хуудасны тоо xv, 208 p. :
Бусад тоон мэдээлэл ill. ;
Хэмжээ 23 cm.
500 ## - Тайлбар
Дансны дугаар БС 2097
546 ## - ХЭЛНИЙ ТУХАЙ МЭДЭЭ
Хэл Англи хэл дээр,
653 ## - Түлхүүр үг
Түлхүүр үг knowledge management
740 ## - НОМЫН ГАРЧИГ
Гарчиг Overview
740 ## - НОМЫН ГАРЧИГ
Гарчиг Knowledge Organizations
740 ## - НОМЫН ГАРЧИГ
Гарчиг Knowledge Workers
740 ## - НОМЫН ГАРЧИГ
Гарчиг Process
942 ## - ЭЛЕМЕНТИЙН ТӨРӨЛ
Зүйлийн төрөл Ном